| 000 | 00328 a2200133 4500 | ||
|---|---|---|---|
| 001 | 92486 | ||
| 082 | _a891.4397 TAH | ||
| 090 |
_c44454 _d44455 |
||
| 100 | _aTaha Khan Muhammad, prof | ||
| 245 |
_aGul pash [urdu] _ctaha muhammad |
||
| 260 |
_aPeshawar _b[n. p] _c2011 |
||
| 300 | _a334 p. | ||
| 520 | _aurdu satire ; humour | ||
| 942 |
_aCAE NUST _k891.4397 TAH |
||
| 999 |
_c327559 _d327559 |
||